[Event "WchT 5th"]
[Site "Yerevan"]
[Date "2001.10.13"]
[Round "2.1"]
[White "Leko, Peter"]
[Black "Jussupow, Artur"]
[Result "1/2-1/2"]
[WhiteElo "2739"]
[BlackElo "2633"]
[Annotator "Lukacs,P"]
[PlyCount "67"]
[EventDate "2001.10.12"]
[EventType "team-tourn"]
[EventRounds "9"]
[EventCountry "ARM"]
[SourceTitle "CBM 086"]
[Source "ChessBase"]
[SourceDate "2002.02.05"]
[SourceVersion "1"]
[SourceVersionDate "2002.02.05"]
[SourceQuality "1"]
[WhiteTeam "Hungary"]
[BlackTeam "Germany"]
[WhiteTeamCountry "HUN"]
[BlackTeamCountry "GER"]

1. e4 e5 2. Bc4 Nf6 3. d3 c6 4. Nf3 Be7 5. O-O d6 6. Bb3 (6. a4 {- Kudrin-I.
Sokolov, FIDE-Wch k.o. Las Vegas 1999 CBM 72}) 6... Bg4 (6... Nbd7 {-
Fedorov-Kramnik, Corus Wijk aan Zee 2001 CBM 81}) (6... O-O 7. Re1 Nbd7 {
- Kornev-Balashov, RUS-ch Samara 2000 CBM 78}) 7. Nbd2 (7. h3 Bh5 8. Nbd2 (8.
g4 $5 Bg6 9. Nc3 Nbd7 {/\ Nc5-e6 fighting for the dark squares compensating
the passive B on g6.}) 8... Nbd7 9. c3 {against Nc5} O-O 10. Bc2 (10. Re1 $5
Nc5) 10... d5 11. Qe2 Qb6 12. Rd1 Qa6 13. Re1 {1/2:1/2 Tolnai-C.Horvath,
HUN-ch Budapest 1995}) (7. Re1 Nbd7 8. c3 h6 {Black's main idea is to insert
some prerssure on the dark squares.} 9. Nbd2 Nc5 10. Bc2 Ne6 {/\ Ng5} 11. Nf1
Ng5 12. Bxg5 hxg5 13. d4 Qb6 14. Bb3 g6 15. dxe5 Bxf3 16. Qxf3 dxe5 {^-} 17.
Ne3 Rh4 18. g3 Rh7 19. Rad1 Rd8 20. Kg2 Qc7 21. Rxd8+ {1/2:1/2 Cabrilo-Ristic,
JUG-ch Nis 1995}) (7. c3 O-O 8. Nbd2 Nbd7 {- 8...0-0}) 7... Nbd7 8. c3 Nc5 $5 (
8... O-O 9. h3 (9. Re1 Re8 10. h3 Bh5 11. Nf1 Nc5 12. Bc2 Nfd7 {/\ Bxf3 and
Bg5 taking control over the dark squares.} 13. Ng3 Bxf3 14. Qxf3 g6 {fighting
against the g3 N.} 15. d4 Ne6 16. Bb3 Bg5 {This is the point, White now loses
the ^^.} 17. d5 cxd5 18. Bxd5 Bxc1 19. Raxc1 Nf4 20. Red1 Qb6 21. Rc2 Nf6 22.
Bb3 a5 23. Rcd2 Red8 24. Ba4 Kg7 $11 {Shaposhnikov-Sorokin, Chigorin mem 1999})
9... Bh5 10. Re1 Nc5 11. Bc2 Ne6 12. Nf1 Nd7 $1 {with the same idea mentioned
before.} 13. Ng3 (13. g4 $6 Bg6 14. Ng3 Ng5 {followed by Bg5 Black can make
profit from the weakened dark squares on the >>.}) 13... Bxf3 14. Qxf3 g6 15.
Be3 Bg5 $11 {Gelfand-Jussupow, Munich SKA 1994 CBM 42}) 9. Bc2 Ne6 10. Nc4 $5 (
10. Re1 O-O (10... Ng5 $5 11. h3 Bh5 12. Qe2 O-O 13. Qe3 Nd7 14. d4 Bxf3 (14...
Ne6 $5 15. Bb3 Nf4) 15. Nxf3 Nxf3+ 16. Qxf3 Bg5 17. Qf5 Bxc1 18. Raxc1 Qe7 19.
Rcd1 $14 {and the B has bright perspectives on the a2-g8 /^, and White has
also some advantage in the [+].}) 11. h3 Bh5 {- 8...0-0}) (10. h3 Bh5 11. Nc4
O-O) 10... Bh5 $1 {This prophylactical move prepares for Ne3.} 11. Ne3 Ng5 $5 (
11... O-O 12. Nf5 d5 13. Qe2 (13. Re1 dxe4 14. dxe4 Qc7) 13... Re8 14. Nxe7+
Qxe7 $13 {and White's ^^ is not that important here.}) 12. Nf5 Nxf3+ 13. gxf3 {
If White wants to infuse life into the position he has to accept the doubled
pawns.} O-O 14. d4 (14. Ng3 Qd7 15. Nxh5 Nxh5 16. d4 Qh3 $13 {controlling the
vital >< f4.}) 14... Bg6 (14... exd4 $5 15. cxd4 d5 {was an interesting
counterattack in the [+].} 16. e5 (16. Qd3 Bg6) 16... Ne8 {Now Black has to
blockade e6 and avoid f4-f5.} 17. Qd3 Bg6 $13 {/\ Nc7,Ne6}) 15. dxe5 dxe5 16.
Qxd8 Bxd8 17. Nd6 {White's chances are based on this strong N.} b6 18. Rd1 Bc7
19. Bg5 Ne8 $6 {This allows White to penetrate on the d <->.} (19... Nd5 $5 {
eliminating the strong intruder on d6 by tactical way was more exciting:} 20.
Nf5 (20. Ba4 Bxd6 21. exd5 (21. Bxc6 Be7 22. Bxa8 Rxa8 23. Rxd5 Bxg5 24. Rxe5
h6 $13 {and the ^^ is rather strong.}) 21... c5 $11) (20. Rd2 Bxd6 21. exd5
Bxc2 22. dxc6 f6 23. Be3 Rfd8 24. Rxc2 Rac8 $11) 20... Bxf5 21. exf5 h6 22. Be3
$11) (19... Rad8 20. Bxf6 Rxd6 21. Be7 Rxd1+ 22. Rxd1 Rc8 23. Rd7 f6 24. Bb3+
Kh8 25. Be6 Be8 26. Rd1 Rb8 27. Bd7 Kg8 28. Bxe8 Rxe8 29. Rd7 Rc8 $11) 20. Nxe8
Rfxe8 21. Rd7 Rac8 (21... Bd8 22. Be3 {The B on d8 disturbs the connection
between the rooks.} Re7 23. Rad1 Rxd7 24. Rxd7 Kf8 25. f4 {White has to widen
the battlefront.} Ke8 26. Rb7 exf4 27. Bxf4 $14) 22. Be7 $1 (22. Rad1 {allows}
f6 23. Be3 Red8 $11) 22... Bh5 23. Kg2 Bd8 24. Bxd8 {This is too simple.} (24.
Bd6 $5 {looked better to keep the B.} a5 25. Rd1 $14) 24... Rcxd8 25. Rad1 Rxd7
26. Rxd7 Kf8 $11 27. Bb3 (27. Rxa7 Rd8 {/\ Rd2}) 27... Re7 28. Rd8+ Re8 29. Rd7
Re7 30. Rd8+ Re8 31. Rd6 c5 32. Rd5 f6 33. Ba4 Ra8 34. Bc6 1/2-1/2

[Event "FIDE World Cup"]
[Site "Khanty-Mansiysk"]
[Date "2005.11.29"]
[Round "1.6"]
[White "Izoria, Zviad"]
[Black "Erenburg, Sergey"]
[Result "1-0"]
[WhiteElo "2646"]
[BlackElo "2582"]
[Annotator "Lukacs,P"]
[PlyCount "73"]
[EventDate "2005.11.27"]
[EventType "k.o."]
[EventRounds "7"]
[EventCountry "RUS"]
[SourceTitle "CBM 111"]
[Source "ChessBase"]
[SourceDate "2006.04.04"]
[SourceVersion "1"]
[SourceVersionDate "2006.04.04"]
[SourceQuality "1"]

1. e4 e5 2. Bc4 Nf6 3. d3 c6 4. Nf3 d5 5. Bb3 Bd6 6. exd5 Nxd5 $142 (6... cxd5
$5 {looks certainly more logical, and now the question is whether White can
put enough pressure on Black's central pawns >< d5 and e5.} 7. Bg5 Be6 (7...
Qa5+ $6 {avoiding Nc3 >< d5, but it helps only for White's development.} 8.
Nbd2 (8. Qd2 $5 Qxd2+ 9. Nbxd2) 8... Be6 9. O-O Nc6 (9... Nfd7 $6 10. Bh4 f6 (
10... Nc6 11. Ng5 $14) 11. Re1 O-O 12. d4 $1 {and finally White blows up the 
[+].} Kh8 13. dxe5 fxe5 14. c4 $1 $16 {Howell-Arlandi, EU-ch U20 Groningen 1983
}) 10. c4 $1 (10. Bxf6 gxf6 11. c4 d4 12. Ne4 Be7 $13) 10... d4 (10... O-O 11.
Bxf6 gxf6 12. cxd5 Bxd5 13. Ne4 $14) 11. c5 $1 {Otherwise the b3 B remains
passive.} Bxc5 (11... Qxc5 $2 12. Bxe6 fxe6 13. Bxf6 gxf6 14. Ne4 $18) 12. Bxe6
fxe6 {Black's P structure is pathetic.} 13. Qb3 Qc7 14. Rac1 $44) (7... Nc6 {
is not a big help for >< d5.} 8. O-O (8. Bxf6 {giving up the ^^ is premature,
Black's worsened P structure cannot compensate it.} gxf6 9. Bxd5 $2 Bb4+ 10. c3
Qxd5 $17) (8. Nc3 d4 9. Nd5 h6 $5 (9... Qa5+ $5 10. Bd2 Qd8 11. Nxf6+ (11. Bg5
{leads to a repetition of moves.}) 11... Qxf6 12. Ng5 O-O 13. Ne4 {White gets
the ^^, but Black has a strong [+] and well-developed pieces.} Qg6 14. Nxd6
Qxd6 15. O-O Be6 $11) (9... Be6 10. Nd2 $5 {White puts a maximum pressure on
the light squares.} (10. O-O Bxd5 11. Bxd5 h6 12. Bxf6 Qxf6 13. c3 $1 {
(Ivanchuk-L.Dominguez, La Habana 2005)} O-O $5 14. Bxc6 (14. Qa4 Rab8 15. Rac1
b5 16. Qb3 Ne7 $132 {Ivanchuk}) 14... bxc6 15. cxd4 exd4 16. Nd2 $1 {/\ Nc4
blockading the << White has a strong N versus bad B.} (16. Qa4 Rfb8 17. b3 Bb4
$1) 16... Rab8 17. Nc4 Bc7 18. Re1 $14) 10... Bxd5 $140 11. Bxd5 h6 12. Bxf6
Qxf6 13. c4 O-O 14. O-O $14) 10. Bxf6 (10. Nxf6+ gxf6 11. Bh4 Bg4 {Black has
an active piece play for the corrupted P structure.} 12. O-O Rg8 13. Kh1 Qe7
14. h3 Bh5 $132) 10... gxf6 11. Nd2 (11. O-O Rg8 $5 (11... Be6 12. Nd2 Bf8 {
looks rather desperate.} 13. Ne4 Bg7 14. Qf3 $36) 12. Qd2 (12. Kh1 Be6 13. c3
Bf8 $132) 12... Bg4 $1 13. Nh4 Bf8 14. f4 Be6 15. fxe5 Bxd5 16. exf6 Bxb3 17.
axb3 Kd7 $1 $17) 11... Rg8 $5 12. Ne4 (12. Qh5 Rg6 13. O-O Be6 14. Rae1 Bxd5
15. Bxd5 Bb4 16. Be4 Bxd2 17. Bxg6 fxg6 18. Qxg6+ Kd7 19. Re2 Bb4 20. f4 Bd6
$13) 12... Rg6 {/\ f5} 13. O-O Bb8 14. f4 f5 $13 {Ivanchuk}) 8... Be6 $142 (
8... d4 $5 {Now the black [+] is not flexible anymore, the a2-g8 /^ is opened.}
9. Re1 O-O 10. Nbd2 $14 Re8 (10... a6 {looks really odd...} 11. h3 (11. Nc4 $5)
11... h6 12. Bh4 Re8 13. Nc4 Bc7 14. Bg3 {attacking >< e5 by all means.} Nd7
15. a4 Qf6 16. c3 dxc3 17. bxc3 Nc5 18. Bc2 Bf5 19. d4 $1 Bxc2 20. Qxc2 $16 {
Benjamin-P.H.Nielsen, FIDE-Wch k.o. Las Vegas USA 1999}) (10... Bg4 11. h3 Bh5
12. Ne4 Be7 13. Ng3 $14) 11. Bxf6 gxf6 {Black's doubled pawns are not very
impressive, but he has plenty of tactical counterchances, as in the Sveshnikov
Sicilian.} (11... Qxf6 12. Ne4 Qg6 13. Nxd6 Qxd6 14. Ng5 $16) 12. Ne4 Be7 (
12... Bg4 13. h3 Bh5 14. Ng3 Bg6 15. Nh4 $16) 13. Ng3 $1 $14 (13. Nh4 $5 {
is the other way fighting for the light squares.} f5 $1 14. Qh5 fxe4 (14...
Bxh4 15. Bxf7+ Kf8 16. Bxe8 Qxe8 17. Qxh4 fxe4 18. Qxh7) 15. Bxf7+ Kf8 16. Bxe8
Qxe8 17. Qxh7 Bxh4 18. Qxh4 exd3 19. Qh6+ Kg8 20. Qg5+ $11 (20. cxd3 Bf5)) (13.
Qd2 Bf8 $1 $13 {/\ f5 Hamdouchi-Bacrot, Paris 2002})) 9. Nc3 Bc7 {- 7...Be6})
8. Nc3 Bc7 $142 (8... d4 9. Bxe6 dxc3 10. Bc4 cxb2 11. Rb1 Nbd7 12. Rxb2 {
White's ^^, especially his light-squared B becomes very effective.} Qc7 13. O-O
O-O 14. Re1 Rfe8 15. h3 a6 16. a4 h6 17. Bh4 $14 {Palkovi-Tomaszevski,
Naleczow 1988}) (8... Qa5 9. O-O Nbd7 10. Qe1 Qc5 (10... O-O $2 11. Bxf6 {
/\ Nxd5}) 11. Bxf6 gxf6 12. d4 $14 {Tiviakov-Swinkels, Vlissingen op 2004}) 9.
O-O Nc6 10. Re1 a6 (10... O-O 11. Bh4 (11. Bxf6 gxf6) 11... Re8 12. h3 (12. Ba4
Bg4) 12... a6 {against Ba4.} 13. Ng5 (13. Bxf6 gxf6 14. d4 e4 15. Nh2 f5 {
with good attacking chances for Black on the >>.} 16. Nf1 f4 $40) (13. Nh2 Nd4
$13 (13... Qd6 $5 14. Bxf6 gxf6 15. Qh5 Nd4 16. Ng4 $13 {Mitkov-Timoshenko,
Ljubljana op 2003})) 13... Qd7 14. Nxe6 fxe6 {killing the b3 B!} 15. Bxf6 gxf6
{Black's P [+] is impressive.} 16. Qg4+ Qg7 17. Ne2 f5 $13 {Matjushin-Taborov,
Independence Cup op 1999.}) 11. Bh4 O-O {and both >< d5 and ><e5 are
well-protected.} 12. Bg3 (12. Qc1 Rc8 13. Bxf6 gxf6 14. Qh6 Na5 $13) 12... d4
13. Nb1 (13. Bxe6 dxc3 14. Bb3 cxb2 15. Rb1 Ba5 $1) 13... Bxb3 14. axb3 Nd7 15.
c3 {1/2:1/2 Needleman-Soppe, ARG-ch sf Ezeiza 2000}) 7. O-O (7. Nc3 $6 Nxc3 8.
bxc3 Bg4 $1 9. h3 Bh5 10. g4 Bg6 11. h4 h5 $1 12. Ng5 Nd7 13. gxh5 Bxh5 $17 {
De Jager-Van der Weij, Dieren op 1991}) 7... O-O 8. Re1 Nd7 {looks a bit
passive, now Black has problems with the development of his B.} (8... Bg4 9. h3
Bxf3 10. Qxf3 {gets the vital ^^ for White.} Nb6 11. Nd2 N8d7 12. Ne4 Be7 13.
Bd2 $14 {Mitkov-Mikhalchishin, Vidmar mem 2003}) (8... Re8 $142 {was more
flexible.} 9. Nbd2 Bc7 (9... Nd7 {- 5...Nbd7}) 10. Ne4 Bg4 11. h3 Bh5 12. Ng3
Bg6 13. Bg5 Qd7 14. Nh4 Na6 15. Nxg6 hxg6 {White has won the ^^, but Black
pieces are more active.} 16. d4 exd4 17. Qxd4 Bb6 18. Qg4 Nc5 19. Bc4 Rxe1+ 20.
Rxe1 Re8 $11 {Tsheshkovsky-Agzamov, Erevan (zt) 1982}) 9. Nbd2 (9. d4 $5 {
opening up the position for the active pieces.} exd4 10. Bxd5 cxd5 11. Qxd4 $14
{Tiviakov-Stefanova, Wijk aan Zee B 2004}) 9... Bc7 (9... Re8 10. Ne4 Bc7 11.
Bg5 f6 12. Bd2 Kh8 13. h3 Nf8 14. d4 $14 {Bosboom-Raetsky, 1998}) 10. Ne4 a5 {
The insertion of this move is not necessary at all.} (10... h6 $1 11. h3 N7f6
12. Ng3 $1 {keeping the tension avoiding the unnecessary exchanges.} (12. Nxf6+
Qxf6 $15) (12. Bd2 Nxe4 13. dxe4 Nf6 14. Bc3 Qxd1 15. Raxd1 Re8 $11) 12... Re8
13. Bd2 a5 14. a3 a4 15. Ba2 $13 {Malisov-Birnboim, ISR-ch 1996}) 11. a3 Kh8 {
Black leaves the vital g5 square unattended.} (11... h6 $5 {was still possible.
}) 12. Bg5 $1 {weakening the a2-g8 /^.} (12. Nfg5 $5 h6 13. Qh5 Kg8 14. Nf3
N7f6 (14... f5 $2 15. Bxh6 $1 $18) 15. Nxf6+ Nxf6 16. Qg6 (16. Qh4 Re8 $13)
16... Nd5 17. Qe4 Nf6 $13) 12... f6 13. Bd2 N7b6 (13... a4 14. Ba2 b6 15. d4
$14) 14. h3 Ne7 (14... a4 15. Ba2 f5 $6 {weakens only Black's position, for
example:} 16. Nc3 $1 Qf6 17. Bg5 Qg6 18. Nxd5 Nxd5 19. Bxd5 cxd5 20. Be7 Re8
21. Nxe5 Bxe5 22. Rxe5 Be6 23. Bc5 $16) 15. Qe2 Nf5 16. Rad1 {preparing for
the central push d4.} Qe7 17. d4 $5 ({The preparatory move} 17. c3 {deserved
attention.} Nd5 (17... a4 18. Ba2 Bd7 19. d4 $1 exd4 20. Qd3 $14) 18. d4 exd4
19. Nxd4 (19. Qd3 Qf7) 19... Nxd4 20. cxd4 Qf7 21. Nc5) 17... Nxd4 18. Nxd4
exd4 19. Qf3 (19. Qd3 Qd8 20. Ba2 Bf5) 19... Qe5 20. Ng3 Qc5 $1 (20... Qb5 $2
21. Nh5 $1 Bd7 (21... a4 $4 22. Bh6 $1 gxh6 23. Qxf6+ $1 $18) 22. Nxg7 $1 Kxg7
23. Re7+ $18) 21. Nh5 {White has good tactical chances for the sacrificed P,
but is there more than that?} Bd7 (21... Bf5) 22. c3 $1 dxc3 $2 {[%mdl 8192]
Now White's pieces become too active.} (22... Qb5 $1 {was the critical answer.}
23. cxd4 (23. Bc2 Nd5 24. cxd4 Rae8 25. Ng3 f5 $13) 23... a4 24. Bc2 Nd5 $1 (
24... Qxb2 $4 25. Qe4 $18) 25. Ng3 f5 $13) 23. Bxc3 $18 {and suddenly all the
white pieces are excellent.} Rae8 (23... Rad8 {is strongly met by the
devastating} 24. Nxf6 $1 a4 25. Ba2 $18) 24. Rxe8 Rxe8 {[#]} (24... Bxe8 25.
Nxf6 $1 Be5 26. Rd8 $16) 25. g4 ({missing the thematic} 25. Qxf6 $1 $18 gxf6
26. Bxf6#) 25... Be5 26. Nxf6 $1 {The mate motif on the long /^ still works.}
Rf8 (26... Bxf6 27. Qxf6 $18) (26... Qf8 27. Bxe5 Rxe5 28. Nxd7 $1 Qxf3 29.
Nxe5 $18) 27. Bxe5 Qxe5 28. Nxd7 Nxd7 29. Rxd7 $1 {and because of the back
rank threats White is a piece up.} Qc5 30. Rf7 Re8 31. Kg2 b5 32. Bc2 Kg8 33.
Bb1 Qc4 34. Rf4 Qe6 35. Be4 g5 36. Bxc6 gxf4 37. Bd5 1-0

[Event "FIDE-Wch k.o."]
[Site "Tripoli"]
[Date "2004.06.29"]
[Round "5.2"]
[White "Kharlov, Andrei"]
[Black "Topalov, Veselin"]
[Result "0-1"]
[WhiteElo "2593"]
[BlackElo "2737"]
[Annotator "Lukacs,P"]
[PlyCount "106"]
[EventDate "2004.06.19"]
[EventType "k.o."]
[EventRounds "7"]
[EventCountry "LBY"]
[SourceTitle "CBM 102"]
[Source "ChessBase"]
[SourceDate "2004.09.23"]
[SourceVersion "1"]
[SourceVersionDate "2004.09.23"]
[SourceQuality "1"]

1. e4 e5 2. Bc4 Nf6 3. d3 c6 4. Nf3 Be7 5. O-O d6 6. a4 O-O 7. Re1 Nbd7 (7...
Qc7 8. Nbd2 Nbd7 9. Nf1 (9. Ba2 d5 10. exd5 cxd5 11. c4 $13) 9... d5 $1 {
This is Black's main idea here.} 10. exd5 (10. Bb3 $2 dxe4 11. dxe4 Nc5 {
and the B cannot be saved.}) ({Also on} 10. Ba2 dxe4 11. dxe4 Nc5 {comes into
consideration.}) 10... cxd5 11. Ba2 e4 $1 {Now Black grabs the |^ in the [+].}
12. dxe4 dxe4 13. Ng5 (13. Nd4 Nc5 14. Ng3 (14. Nb5 Qe5) 14... Rd8 {with a
nasty pin on the d <->.} ({and certainly not} 14... Nxa4 $6 {in view of} 15.
Bxf7+)) 13... Nc5 14. Be3 ({White has to play carefully. In case of} 14. Ng3 $2
Bg4 {Black has a good game.}) 14... h6 $1 {This is a nice temporary P
sacrifice in order to activate the pieces and get the ^^.} 15. Bxc5 Bxc5 16.
Nxe4 Nxe4 17. Rxe4 Bf5 {In an opened position the ^^ is very dangerous.} 18.
Re1 (18. Re2 $4 {loses to} Bg4) 18... Qb6 $1 $44 {Kudrin-I.Sokolov, Las Vegas
1999 CBM 72} (18... Qf4 19. Ne3) (18... Rad8 19. Qe2)) 8. Nc3 (8. Nbd2 Qc7 {
- 7...Qc7}) 8... Nc5 (8... a5 9. d4 Qc7 {leads to the Philidor with an extra
tempo for Black.} 10. Ba2 $13) 9. d4 (9. a5 {avoiding ...a7-a5} d5 (9... Ne6)
10. exd5 cxd5 11. Ba2 {and Black has problems with holding his P [+].} d4 12.
Nb1 $14) 9... exd4 10. Nxd4 {Now we reach a Philidor type of position with an
extra tempo for Black.} a5 {Black wants to secure his c5 N's position and gain
some control over the dark squares.} (10... Re8 11. Qf3 $14 (11. Bf4 Bf8 12. e5
{White's pieces are not active enough for this opening of the position.} (12.
f3 d5 $1 13. exd5 Rxe1+ 14. Qxe1 cxd5 15. Bf1 Ne6 16. Be3 Bc5 17. Nce2 Qb6 $132
) 12... dxe5 13. Rxe5 Bg4 14. f3 Bh5 15. Rxe8 Nxe8 16. a5 Bg6 17. Be3 Nc7 18.
Qe2 a6 19. Qf2 Qe7 20. Nce2 Re8 21. Bd2 N5e6 22. Nxe6 Nxe6 23. c3 Qc5 24. Qxc5
Bxc5+ 25. Kf1 Rd8 26. Be1 h6 27. b4 Be7 28. Bf2 Bf6 $11 {Heinemann-Enders,
Germany 2000 CBM 74 ext})) 11. Bf4 Ng4 12. Be2 (12. Nf5 $5 {deserves attention.
} Ne5 (12... Bxf5 13. exf5 Ne5 (13... Nf6 $2 {The "natural" retreat loses to}
14. Rxe7 $1 $18) 14. Bxe5 dxe5 15. Rxe5 (15. Qxd8 Raxd8 16. Rxe5 Rfe8 17. Rae1
Kf8) 15... Bd6 16. Re3 Bf4 (16... Bxh2+ $2 17. Kxh2 Qh4+ 18. Rh3 Qxc4 19. Qh5
$16) 17. Rf3 $14 {with an extra P and the ^- helps also for White.}) 13. Nxe7+
(13. Bf1 Bxf5 14. exf5 Bf6) 13... Qxe7 14. Bf1 $14 {White has the ^^ and >< d6
may become weak.}) 12... Nf6 13. Bf3 (13. Bc4 Ng4 $11 {is only a repetition of
moves.}) 13... Re8 14. Qd2 g6 (14... Ng4 $5 15. Bxg4 (15. Rad1 Bh4 16. Rf1 Ne5
17. Be2 Ng6 18. Nf3 Bf6 $132) 15... Bxg4 16. f3 {If Black cannot play the
freeing move d6-d5, the position remains a bit better due to the >< d6.} (16.
h3 Bd7 17. Rad1 Qb6 18. b3 Qb4 $132) 16... Bd7 17. Rad1 {+/=/=}) 15. h3 {
This allows the following regrouping of pieces.} (15. Rad1 $142 Ng4 16. Qe2 $14
) 15... Nfd7 16. Rad1 Bf8 (16... Qc7 17. g4 $5 {/\ Bg2, Bg3, f4 but needs a
lot of time.} Ne5 (17... Bf8 18. b3 $14) 18. Bg2 Nc4 19. Qc1 Ne6 20. Nxe6 Bxe6
21. b3 Ne5 22. Be3 $14) 17. g4 $5 Qb6 {Now White has the natural retreat to g2,
because >< c4 can be defended in time.} (17... Ne5 $142 18. Be2 {White has to
keep an eye on >< c4.} (18. Bg2 Bg7 $13 19. b3 $140 Ned3 $1 $15) 18... Bg7 19.
Be3 Ned7 20. f3 Qh4 $132) 18. Bg2 (18. b3 Ne5 19. Bg2 {- 18.Bg2}) 18... Ne5 19.
b3 Qb4 20. Nde2 $14 {White has consolidated his position and the weakness of
d6 begins to tell.} (20. Be3 Bg7 21. Nde2 $14) 20... f6 {This is another small
concession closing the /^ for the fianchettoed B.} (20... f5 $6 {founders on
the energetic} 21. Bxe5 Rxe5 22. gxf5 gxf5 23. Qg5+ Bg7 24. Qd8+ Kf7 25. Qxd6
$16) 21. Be3 h5 $2 {Black wants to fish in troubled waters.} (21... Nf7 22. f4
$14 {and White has the ideal set-up of his pieces.}) 22. f4 Nxg4 (22... hxg4
23. fxe5 gxh3 24. Bf3 dxe5 25. Kh2 $16 {was not correct either.}) 23. hxg4 Bxg4
24. Qc1 $16 {Black has no adequate compensation, but from practical point of
view the idea may work well...} f5 25. Rd4 Qb6 26. Qd2 Qc7 27. Bf2 Re6 28. Rc4
(28. e5 dxe5 29. fxe5 Kh7) 28... Rae8 29. Nd4 Rxe4 30. Nxe4 Nxe4 31. Bxe4 fxe4
32. Rc3 d5 {Black has already sacrificed a R for three pawns in order to keep
the position complicated.} 33. Rg3 Bd6 34. Be3 Qd7 35. c3 Rf8 36. Rf1 b6 37.
Rf2 c5 38. Nb5 Bb8 39. Rfg2 (39. Kf1 $1 g5 40. Rg1 $18 {would have won easily.}
) 39... g5 $1 {Now (probably in time trouble) Black gets real counterchances.}
40. Rf2 (40. Rxg4 hxg4 41. fxg5 Rf3 $44) 40... Kg7 41. Qc1 (41. Rgg2 Rf5 42.
fxg5 Rxf2 43. Qxf2 Bf3 44. Qh4 Bxg2 45. Kxg2 Kg6 $44) 41... Kg6 42. Qf1 Rf5 43.
Rgg2 Qf7 44. fxg5 Bf3 45. Rh2 Bxh2+ 46. Rxh2 {[#]} Rf4 $1 {Black is not greedy
at all in this game, he has sacrificed a piece a rook and an exchange...} 47.
Bxf4 Qxf4 48. Rg2 $2 {This is the final mistake.} (48. Qe1 {was still enough
for a draw, for example:} Qxg5+ 49. Kf1 (49. Kf2 Qf4) 49... Qf4 50. Qh4 Qc1+
51. Qe1 Qf4 $11) 48... h4 $1 $19 {Now White is a R up, but he is completely
helpless against the advance of the pawns.} 49. Qe1 e3 (49... Bxg2 50. Kxg2
Kxg5 $19) 50. Rh2 Qxg5+ 51. Kf1 h3 $1 52. Qb1+ (52. Nd6 Bg2+ 53. Ke2 Qg4+ 54.
Kxe3 Qe6+ 55. Kf2 Qxd6 $19) 52... Be4 53. Qb2 Bd3+ 0-1